000 00590nam a22001817a 4500
999 _c189146
_d189146
005 20220621124302.0
010 _aENG-133290
020 _a9789388398183
_c355.00
035 _aEN-116822
037 _bDBAD/PUB
082 _a697.94
100 _aGunasekaran, Rameshkumar
245 _aAxioms of Accommodation Operations/
_cRameshKumar Gunasekaran
260 _aMadurai
_bShanlax Publications
_c2018
270 _a61, 66 T.P.K. Main Road, Vasantha Nagar
_bMadurai
_e325003
_mshanlaxpublications@gmail.com
300 _a165p.
_c25cm(pbk)
942 _2ddc
_cEN
_h697.94
_mGUN